Nový fenomén v spoločnosti - interkulturalita

Bibliographic Details
Main Author: Volková, Nikol, 1974- (Author)
Format: Electronic Article
Language:Slovak
ISSN:1335-9185
Subjects:
Online Access:http://disputationes.ku.sk/archiv/

MARC

LEADER 00000nab a2200000 4500
001 vtls012024809
003 SK-MaSNL
005 20260304233041.0
008 210426|2017 xo |||| ||an ||00 0|slo
015 |a SNBRB2021/04 
040 |a SPKCL  |b slo  |e rda 
041 |a slo  |b eng 
044 |a xo  |c SK 
072 7 |a 316.7  |x Sociológia kultúry. Kultúrny život  |2 konspekt 
080 |a 316.72/.75  |2 2011 
100 1 |a Volková, Nikol,  |d 1974-  |4 aut  |9 220721 
245 1 0 |a Nový fenomén v spoločnosti - interkulturalita  |c Nikol Volková 
336 |a text  |b txt  |2 rdacontent 
337 |a počítač  |b n  |2 rdamedia 
338 |a online zdroj  |b cr  |2 rdacarrier 
504 |a Obsahuje bibliografiu 
546 |a Anglické resumé 
650 0 7 |a kultúra  |2 SNKPH  |9 886 
650 0 7 |a multikulturalizmus  |2 SNKPH  |9 4941 
650 0 7 |a interkulturalita  |2 SNKPH  |9 565904 
773 0 |t Disputationes scientificae (online)  |g Roč. XVII, č. 1 (2017), s. 105-118  |x 1335-9185 
856 4 1 |u http://disputationes.ku.sk/archiv/ 
958 |a NB 
999 |c 3196992  |d 3198922